000 00856nam a2200229Ii 4500
003 JO-AjNU
008 230605s9999||||xx |||||||||||||| ||und||
017 _a1991/5892
020 _a977-5116-43-0
040 _aJO-AjNU
_bara
_erda
_cJO-AjNU
041 _aara
050 1 4 _aGN296.M3464 1994
100 3 _aمكاوي، علي,
_eauthor
_945726
245 0 0 _aالأنثروبولوجيا الطبية: دراسات نظرية وبحوث ميدانية
264 3 1 _aالاسكندرية: المكتب الجامعي الحديث، 1994
300 _a349ص
336 _atext
_btxt
_2rdacontent
337 _aunmediated
_bn
_2rdamedia
338 _avolume
_bnc
_2rdacarrier
490 0 _aسلسلة علم الاجتماع المعاصر الكتاب الحادي والثمانون
650 4 _aعلم الانسان - بحوث ميدانية
_945727
999 _aA19842
_c23410
_d23410